<?xml version="1.0" encoding="UTF-8"?>
<record
    xmlns:xsi="http://www.w3.org/2001/XMLSchema-instance"
    xsi:schemaLocation="http://www.loc.gov/MARC21/slim http://www.loc.gov/standards/marcxml/schema/MARC21slim.xsd"
    xmlns="http://www.loc.gov/MARC21/slim">

  <leader>03346cam a2200409Mi 4500</leader>
  <controlfield tag="003">PE-LiUPU</controlfield>
  <controlfield tag="005">20250731183342.0</controlfield>
  <controlfield tag="008">140806s2014    sp a          001 0 spa d</controlfield>
  <datafield tag="020" ind1=" " ind2=" ">
    <subfield code="a">849749587X</subfield>
  </datafield>
  <datafield tag="020" ind1=" " ind2=" ">
    <subfield code="a">9788497495875</subfield>
  </datafield>
  <datafield tag="035" ind1=" " ind2=" ">
    <subfield code="a">(Sirsi) i9788497495875</subfield>
  </datafield>
  <datafield tag="040" ind1=" " ind2=" ">
    <subfield code="a">PE-LiUPU</subfield>
    <subfield code="b">spa</subfield>
    <subfield code="c">PE-LiUPU</subfield>
    <subfield code="e">rda</subfield>
  </datafield>
  <datafield tag="049" ind1=" " ind2=" ">
    <subfield code="a">PRUA</subfield>
  </datafield>
  <datafield tag="082" ind1=" " ind2=" ">
    <subfield code="a">720.288</subfield>
    <subfield code="b">A55</subfield>
    <subfield code="2">20</subfield>
  </datafield>
  <datafield tag="100" ind1="1" ind2=" ">
    <subfield code="a">Amo P&#xE9;rez, Mar&#xED;a Pilar del.</subfield>
  </datafield>
  <datafield tag="245" ind1="1" ind2="3">
    <subfield code="a">La intervenci&#xF3;n en la arquitectura :</subfield>
    <subfield code="b">la acci&#xF3;n restauradora y rehabilitadora : el mantenimiento : aspectos generales de la patolog&#xED;a /</subfield>
    <subfield code="c">Mar&#xED;a Pilar del Amo P&#xE9;rez.</subfield>
  </datafield>
  <datafield tag="300" ind1=" " ind2=" ">
    <subfield code="a">228 p&#xE1;ginas :</subfield>
    <subfield code="b">ilustraciones ;</subfield>
    <subfield code="c">30 cent&#xED;metros.</subfield>
  </datafield>
  <datafield tag="336" ind1=" " ind2=" ">
    <subfield code="a">text</subfield>
    <subfield code="2">rdacontent</subfield>
  </datafield>
  <datafield tag="337" ind1=" " ind2=" ">
    <subfield code="a">unmediated</subfield>
    <subfield code="2">rdamedia</subfield>
  </datafield>
  <datafield tag="338" ind1=" " ind2=" ">
    <subfield code="a">volume</subfield>
    <subfield code="2">rdacarrier</subfield>
  </datafield>
  <datafield tag="490" ind1="0" ind2=" ">
    <subfield code="a">Manuais</subfield>
    <subfield code="v">34</subfield>
  </datafield>
  <datafield tag="504" ind1=" " ind2=" ">
    <subfield code="a">Bibliograf&#xED;a : p&#xE1;ginas 223-228.</subfield>
  </datafield>
  <datafield tag="505" ind1=" " ind2=" ">
    <subfield code="a">INTRODUCCI&#xD3;N -- La degradaci&#xF3;n de los edificios y del espacio urbano. La intervenci&#xF3;n -- Ladegradaci&#xF3;n de los edificios -- La degradaci&#xF3;n urbana -- Unidad 1 La intervenci&#xF3;n en la arquitectura: La acci&#xF3;n restauradora y rehabilitadora. El mantenimiento -- Cap&#xED;tulo 1 La acci&#xF3;n restauradora. Introducci&#xF3;n a la intervenci&#xF3;n en el patrimonio -- El patrimonio -- Criterios de intervenci&#xF3;n en restauraci&#xF3;n -- Organismos gestores-- Cap&#xED;tulo 2	La acci&#xF3;n rehabilitadora -- La rehabilitaci&#xF3;n de los edificios -- La rehabilitaci&#xF3;n, regeneraci&#xF3;n y renovaci&#xF3;n urbana -- Normativa de aplicaci&#xF3;n vigente sobre rehabilitaci&#xF3;n -- Gesti&#xF3;n de la rehabilitaci&#xF3;n. Directrices y protocolos para una intervenci&#xF3;n subvencionada -- Cap&#xED;tulo 3	 El mantenimiento --  El mantenimiento y el deber de conservaci&#xF3;n -- Evaluaci&#xF3;n del estado de conservaci&#xF3;n de un edificio -- Mantenimiento y LOE. El libro del edificio -- Mantenimiento y CTE. Las instrucciones de uso y mantenimiento. El Plan de Mantenimiento del Edificio -- Unidad 2 Aspectos generales de la patolog&#xED;a -- Cap&#xED;tulo 1 El proceso patol&#xF3;gico -- Introducci&#xF3;n al proceso -- Agentes desencadenantes de un proceso patologico -- Procesos patol&#xF3;gicos m&#xE1;s frecuentes -- Cap&#xED;tulo 2 Metodolog&#xED;a a seguir en un estudio patol&#xF3;gico -- Observaci&#xF3;n preliminar -- Reconocimiento -- An&#xE1;lisis de los datos y reconstrucci&#xF3;n del proceso patol&#xF3;gico -- Diagn&#xF3;stico del proceso patol&#xF3;gico y conclusiones -- Propuesta de actuaci&#xF3;n: terape&#xFA;tica curativa y preventiva -- El proyecto de intervenci&#xF3;n -- Cap&#xED;tulo 3 T&#xE9;cnicas de diagn&#xF3;stico y herramientas de apoyo -- Inspecciones mediante la realizaci&#xF3;n de catas y pozos -- Ensayos e inspecciones no destructivas de diagn&#xF3;stico -- Instrumentos, t&#xE9;cnicas de inspecci&#xF3;n y procesos patol&#xF3;gicos -- Herramientas de apoyo -- Bibliograf&#xED;a.</subfield>
  </datafield>
  <datafield tag="526" ind1=" " ind2=" ">
    <subfield code="a">P158</subfield>
  </datafield>
  <datafield tag="526" ind1=" " ind2=" ">
    <subfield code="a">P146</subfield>
  </datafield>
  <datafield tag="526" ind1=" " ind2=" ">
    <subfield code="a">P17</subfield>
  </datafield>
  <datafield tag="526" ind1=" " ind2=" ">
    <subfield code="a">P12</subfield>
  </datafield>
  <datafield tag="526" ind1=" " ind2=" ">
    <subfield code="a">P06</subfield>
  </datafield>
  <datafield tag="650" ind1=" " ind2="7">
    <subfield code="a">Arquitectura</subfield>
    <subfield code="x">Restauraci&#xF3;n.</subfield>
    <subfield code="2">embne</subfield>
  </datafield>
  <datafield tag="650" ind1="0" ind2="4">
    <subfield code="a">Arquitectura</subfield>
    <subfield code="x">Conservaci&#xF3;n y restauraci&#xF3;n.</subfield>
  </datafield>
  <datafield tag="910" ind1=" " ind2=" ">
    <subfield code="a">jck</subfield>
  </datafield>
  <datafield tag="942" ind1=" " ind2=" ">
    <subfield code="2">ddc</subfield>
    <subfield code="c">BOOK</subfield>
  </datafield>
  <datafield tag="949" ind1=" " ind2=" ">
    <subfield code="a">720.288 A55</subfield>
    <subfield code="w">DEWEY</subfield>
    <subfield code="c">1</subfield>
    <subfield code="i">72896</subfield>
    <subfield code="d">2016-8-14</subfield>
    <subfield code="e">2016-8-11</subfield>
    <subfield code="l">CCODEBUL1</subfield>
    <subfield code="m">BUL</subfield>
    <subfield code="n">1</subfield>
    <subfield code="p">22.26</subfield>
    <subfield code="r">0</subfield>
    <subfield code="s">Y</subfield>
    <subfield code="t">BOOK</subfield>
    <subfield code="u">2016-5-9</subfield>
    <subfield code="x">INGENIERIA</subfield>
    <subfield code="0">COMPRA</subfield>
    <subfield code="o">.STAFF. Colecci&#xF3;n General</subfield>
  </datafield>
  <datafield tag="999" ind1=" " ind2=" ">
    <subfield code="c">9334</subfield>
    <subfield code="d">9334</subfield>
  </datafield>
  <datafield tag="980" ind1=" " ind2=" ">
    <subfield code="8">1</subfield>
    <subfield code="g">ALBERTO SANCHEZ Responsable de Automatizaci&#xF3;n</subfield>
  </datafield>
  <datafield tag="264" ind1=" " ind2=" ">
    <subfield code="a">A Coru&#xF1;a :</subfield>
    <subfield code="b">Universidade da Coru&#xF1;a, Servizo de Publicaci&#xF3;ns,</subfield>
    <subfield code="c">2014.</subfield>
  </datafield>
  <datafield tag="952" ind1=" " ind2=" ">
    <subfield code="r">2025-12-03 00:00:00</subfield>
    <subfield code="i">8</subfield>
    <subfield code="l">17</subfield>
    <subfield code="o">720.288 A55</subfield>
    <subfield code="p">72896</subfield>
    <subfield code="s">2023-08-28</subfield>
    <subfield code="t">e1</subfield>
    <subfield code="v">27.26</subfield>
    <subfield code="w">2016-05-09</subfield>
    <subfield code="x">FIA</subfield>
    <subfield code="y">BK</subfield>
    <subfield code="z">inventario-2023-12-13</subfield>
    <subfield code="1">0</subfield>
    <subfield code="2">ddc</subfield>
    <subfield code="5">0</subfield>
    <subfield code="7">0</subfield>
    <subfield code="8">GEN</subfield>
    <subfield code="f">P06</subfield>
    <subfield code="a">BUL</subfield>
    <subfield code="b">BUL</subfield>
    <subfield code="c">GEN</subfield>
    <subfield code="d">2016-05-09</subfield>
    <subfield code="e">COMPRA</subfield>
    <subfield code="g">22.26</subfield>
  </datafield>
</record>
